| 000 | 00583nam a2200217Ia 4500 | ||
|---|---|---|---|
| 008 | 101110s9999 xx 000 0 und d | ||
| 041 | _aENGLISH | ||
| 082 | _bSR24540 | ||
| 100 | _aZarapkar S.S. & others | ||
| 245 | _aConcepts in organic chemistry (S.Y.B.Sc.) | ||
| 260 |
_c2003 _bChetana Publication, Mumbai |
||
| 300 | _a186 | ||
| 365 | _b70 | ||
| 520 | _aChemistry | ||
| 546 | _aENGLISH | ||
| 630 | _aConcepts in organic chemistry (S.Y.B.Sc.) | ||
| 650 | _aChemistry | ||
| 655 | _aChemistry | ||
| 730 | _aConcepts in organic chemistry (S.Y.B.Sc.) | ||
| 942 | _cBOOK | ||
| 999 |
_c817210 _d817207 |
||